| 000 | 00619nam a2200181Ia 4500 | ||
|---|---|---|---|
| 008 | 151202s9999||||xx |||||||||||||| ||und|| | ||
| 082 | _bPNVM-82165 | ||
| 100 | _aगोखले अभय. | ||
| 245 | _aहुकूमशहांच्या देशात. | ||
| 260 | _b"अमोद प्रकाशन,मुंबई." | ||
| 260 | _c2012 | ||
| 300 | _a140 | ||
| 600 | _aगोखले अभय. | ||
| 630 | _aहुकूमशहांच्या देशात. | ||
| 700 | _aगोखले अभय. | ||
| 730 | _aहुकूमशहांच्या देशात. | ||
| 942 | _cBOOK | ||
| 999 |
_c1346773 _d1346770 |
||